000 00450nam a22001697a 4500
005 20260116142708.0
008 260116b |||||||| |||| 00| 0 eng d
020 _a978-0312-53280-6
050 _aPE 1408 .M318 2009
100 _aMcWHORTER, KATHLEEN T.
245 _aSUCCESSFUL COLLEGE WRITING
250 _a4TH
260 _aBOSTON
_bBEDFORD
_c2009
300 _aLI,869P.
500 _aINCLUDES ACKNOWLEDGEMENTS AND INDEXES
942 _2lcc
_cBK
999 _c216470
_d216470